| 000 | 00000nam##2200000za#4500 |
| 001 | 9.697437 |
| 003 | CaOODSP |
| 005 | 20210624235459 |
| 007 | cr ||||||||||| |
| 008 | 150407|2011||||xxc|||||o f|0| 0 eng|d |
| 040 | |aCaOODSP|beng |
| 043 | |an-cn--- |
| 086 | 1 |aIu86-48/2011E-PDF |
| 110 | 1 |aCanada.|bIndustry Canada. |bCanadian Tourism Commission. |
| 245 | 10|aTourism competitive benchmarking study : |h[electronic resource]|bwhere does tourism rank in the context of the Canadian economy? (2011 update) / |cby The Conference Board of Canada. |
| 260 | |aToronto - Ontario : |bIndustry Canada. |cNovember 30, 2011. |
| 300 | |a66p.|bfigs., tables |
| 590 | |a13-06-Supp|b2013-03-19 |
| 690 | 07|aTourism|2gcpds |
| 775 | 08|tÉtude comparative de l'industrie touristique canadienne : |w(CaOODSP)9.641476 |
| 856 | 40|ahttp://publications.gc.ca|qPDF|s8.04 MB|uhttps://publications.gc.ca/collections/collection_2013/ic/Iu86-48-2011-eng.pdf |